Australian Number One Hits Of The 1970's - Statistics

General Stats
  • This quiz has been taken 36 times
  • The average score is 68 of 136
Answer Stats
Hint Answer % Correct
Pop Musik M
100%
Dancing Queen | Fernando | I Do I Do I Do I Do I Do | +3 others Abba
97%
Heart Of Glass Blondie
97%
Suspicious Minds Elvis Presley
97%
Do Ya Think I'm Sexy? | Maggie May | You're In My Heart Rod Stewart
97%
My Sharona The Knack
97%
YMCA Village People
97%
Stayin' Alive Bee Gees
94%
Le Freak Chic
94%
American Pie Don McLean
94%
Banks Of The Ohio | I Honestly Love You Olivia Newton-John
94%
Bohemian Rhapsody Queen
94%
Don't Go Breaking My Heart Elton John & Kiki Dee
90%
Imagine John Lennon
90%
Let It Be The Beatles
90%
My Sweet Lord George Harrison
87%
(They Long To Be) Close To You | Please Mr Postman | Top Of The World The Carpenters
87%
You're So Vain Carly Simon
84%
Hot Stuff | I Feel Love Donna Summer
84%
Me And Bobby McGee Janis Joplin
84%
Video Killed The Radio Star The Buggles
81%
If You Leave Me Now Chicago
77%
Baker Street Gerry Rafferty
77%
You're The One That I Want John Travolta & Olivia Newton-John
77%
Whole Lotta Love Led Zeppelin
77%
Angie The Rolling Stones
77%
Mull Of Kintyre Wings
77%
Wuthering Heights Kate Bush
74%
Ben Michael Jackson
74%
In The Summertime Mungo Jerry
74%
Killing Me Softly With His Song | The First Time Ever I Saw Your Face Roberta Flack
74%
Rasputin | Rivers Of Babylon Boney M
71%
Three Times A Lady Commodores
71%
Seasons In The Sun Terry Jacks
71%
I Don't Like Mondays The Boomtown Rats
71%
Love Will Keep Us Together Captain & Tennille
68%
Lookin' Out My Back Door/Long As I Can See The Light | Up Around The Bend/Run Through The Jungle Creedence Clearwater Revival
68%
Knock Three Times Dawn
65%
Spirit In The Sky Norman Greenbaum
65%
She's A Lady Tom Jones
65%
Tie A Yellow Ribbon Round The Old Oak Tree Tony Orlando & Dawn
65%
It's A Heartache Bonnie Tyler
61%
Photograph Ringo Starr
61%
Fox On The Run Sweet
61%
Daddy Don't You Walk So Fast Wayne Newton
61%
Kung Fu Fighting Carl Douglas
58%
Puppy Love Donny Osmond
58%
Another Day Paul McCartney
55%
Venus Shocking Blue
55%
Sorrow David Bowie
52%
Without You Nilsson
52%
I Think I Love You The Partridge Family
52%
Rock And Roll Part 2 Gary Glitter
48%
Delta Dawn | Leave Me Alone (Ruby Red Dress) Helen Reddy
48%
48 Crash | Can The Can | Devil Gate Drive Suzi Quatro
48%
Ernie (The Fastest Milkman In The West) Benny Hill
45%
Walk Right In Dr Hook
45%
Sylvia's Mother Dr Hook & The Medicine Show
45%
Billy Don't Be A Hero | The Night Chicago Died Paper Lace
45%
El Condor Pasa (If I Could) Simon & Garfunkel
45%
Howzat | Summer Love Sherbet
39%
I Just Want To Be Your Everything Andy Gibb
32%
Bye Bye Baby Bay City Rollers
32%
Eagle Rock Daddy Cool
32%
Kiss You All Over Exile
32%
Help Is On Its Way Little River Band
32%
Brand New Key Melanie
32%
Computer Games Mi-Sex
32%
I Go To Rio Peter Allen
32%
Let's Stick Together Bryan Ferry
29%
Convoy CW McCall
29%
Don't Give Up On Us David Soul
29%
Are You Old Enough? Dragon
29%
Popcorn Hot Butter
29%
January Pilot
29%
Horror Movie Skyhooks
29%
My Coo Ca Choo Alvin Stardust
26%
Torn Between Two Lovers Mary MacGregor
26%
Born To Be Alive Patrick Hernandez
26%
Lay Your Love On Me | Some Girls Racey
26%
Don't Cry For Me Argentina Julie Covington
23%
Everything Is Beautiful Ray Stevens
23%
I Can Help Billy Swan
19%
The Morning After Maureen McGovern
19%
Evie Stevie Wright
19%
Cherish David Cassidy
16%
I Can't Stand The Rain Eruption
16%
Rose Garden Lynn Anderson
16%
In The Summertime (Cover Version) | The Pushbike Song The Mixtures
16%
You're Moving Out Today Carole Bayer Sager
13%
Cottonfields The Beach Boys
13%
Before The Next Teardrop Falls Freddy Fender
10%
Raindrops Keep Fallin' On My Head Johnny Farnham
10%
Too Young To Be Married The Hollies
10%
Amazing Grace Royal Scots Dragoon Guards
6%
Isn't It Time The Babys
6%
Boppin' The Blues Blackfeather
3%
Heaven Is My Woman's Love Col Joye
3%
Daisy A Day Jud Strunk
3%
Black Is Black La Belle Epoque
3%
I'd Love You To Want Me Lobo
3%
The Way That You Do It Pussyfoot
3%
C'mon Aussie C'mon The Mojo Singers
3%
The Newcastle Song Bob Hudson
0%
You're My World Daryl Braithwaite
0%
Daddy Coolk Drummond
0%
Farewell Aunty Jack Grahame Bond
0%
Chirpy Chirpy Cheep Cheep Lally Stott
0%
A Song Of Joy Miguel Rios
0%
Never Never Never Shirley Ballas
0%
Jump In My Car Tel Mulry Gang
0%
Up There Cazaly Two-Man Band
0%
He Did With Me Vicki Lawrence
0%
My Little Angel William Shakespeare
0%
No matching quizzes found
Score Distribution
Percent of People with Each Score
Percentile by Number Answered
Your Score History
You have not taken this quiz